স্বদেশ সকাল স্বজন /

Bibliografiske detaljer
Hovedforfatter: চৌধুরী, ফারুক
Format: Bog
Sprog:Bengali
Udgivet: ঢাকা : প্যাপিরাস, ২০০২.
Fag:
Classic Catalogue: View this record in Classic Catalogue
LEADER 01133nam a22002777a 4500
001 31998
003 BD-DhAAL
005 20260111141456.0
008 171101s2002 bg ||||||||| 00| 0 ben d
020 |a 9848065008 
040 |a BD-DhAAL  |c BD-DhAAL 
041 |a ben 
082 |a 327.2092   |2 22 
100 |a চৌধুরী, ফারুক.  |9 22892 
245 |a স্বদেশ সকাল স্বজন /  |c ফারুক চৌধুরী. 
246 |a Swadesh swakal swajon 
260 |a ঢাকা :  |b প্যাপিরাস,  |c ২০০২. 
300 |a ২০৬ পৃষ্ঠা ;  |c ২২ সে. মি. 
526 |a AAL 
541 |e 31998  |a Complimentary copy from Faruq Chowdhury 
600 |a Mujibur Rahman, Sheikh.  |d 1920-1975  |9 23715 
650 |a Diplomats  |v Biography  |z Bangladesh.  |9 22893 
650 |a Politics and government   |z Bangladesh.  |9 22894 
942 |2 ddc  |c BK 
999 |c 38485  |d 38485 
952 |0 0  |1 0  |2 ddc  |4 0  |6 327_209200000000000_CHO  |7 0  |9 61713  |a BRACUL  |b BRACUL  |c BNC  |d 2017-11-02  |e Complimentary copy from Faruq Chowdhury  |g 170.00  |l 0  |o 327.2092 CHO  |p 3010031998  |r 2017-11-02  |t 1  |v 170.00  |w 2017-11-02  |y BK